[Event "ch-RUS Rapid 2017"]
[Site "Sochi RUS"]
[Date "2017.10.01"]
[Round "8.15"]
[White "Palchun, Grigory"]
[Black "Tsydypov, Zhamsaran"]
[Result "1-0"]
[BlackTitle "IM"]
[WhiteElo "2441"]
[BlackElo "2529"]
[WhiteFideId "24147338"]
[BlackFideId "4108566"]
[EventDate "2017.09.30"]

1. d4 g6 2. Bf4 Bg7 3. e3 d6 4. Nf3 Nd7 5. h3 e5 6. Bh2 Nh6 7. Be2 O-O 8. O-O
Nf5 9. c3 Re8 10. dxe5 dxe5 11. e4 Nd6 12. Nbd2 Nc5 13. Qc2 a5 14. b4 axb4 15.
cxb4 Ne6 16. Nc4 Nf4 17. Rad1 Qe7 18. Bxf4 exf4 19. Nxd6 cxd6 20. Bc4 Be6 21.
Bd5 Bxd5 22. exd5 Qe4 23. Qb3 Rec8 24. Rc1 Bf6 25. a4 Qe2 26. Rfe1 Rxc1 27. Rxc1
Qb2 28. Qxb2 Bxb2 29. Rb1 Bc3 30. a5 Re8 31. Rb3 Rc8 32. Rb1 Kf8 33. Rc1 Ke7 34.
Ne1 Kd7 35. Nd3 g5 36. Kf1 f5 37. Ke2 Re8+ 38. Kd1 Bd4 39. Rc4 Bf6 40. f3 Bd8
41. Kd2 Bc7 42. Ne1 Re5 43. Rd4 Re8 44. Nd3 Ra8 45. Rc4 b6 46. axb6 Bxb6 47. Rc2
Ra1 48. Kc3 Rd1 49. Re2 Be3 50. Kc2 Ra1 51. Kc3 h5 52. Ne1 Rd1 53. Nc2 Ba7 54.
Re6 Bb6 55. Rg6 Bd8 56. Nd4 Rc1+ 57. Kd2 Rg1 58. Nxf5 Rxg2+ 59. Kd3 Bc7 60. b5
Rb2 61. Rxg5 Rxb5 62. Nd4 Ra5 63. Rxh5 Bb6 64. Ne6 Ra4 65. Rf5 Be3 66. Rf7+ Ke8
67. Rb7 Ra1 68. Ke4 Re1 69. Kf5 Bd2 70. Rc7 Re3 71. Ng5 Kd8 72. Rb7 Re5+ 73. Kg6
Rxd5 74. h4 Kc8 75. Rf7 Rc5 76. h5 d5 77. h6 Rc6+ 78. Kh5 Bc3 79. h7 Be5 80. Re7
Bc3 81. Ne6 Bf6 82. Ng7 Bxe7 83. h8=Q+ Kb7 84. Nf5 Bc5 85. Qg8 d4 86. Qd5 Kb6
87. Nxd4 Rc8 88. Qe6+ Kb7 89. Qd7+ Rc7 90. Qd5+ Kb6 91. Qb3+ Ka6 92. Qb5+ 1-0

[Event "ch-RUS Rapid 2017"]
[Site "Sochi RUS"]
[Date "2017.10.01"]
[Round "8.16"]
[White "Ivlev, Aleksey"]
[Black "Alekseenko, Kirill"]
[Result "0-1"]
[WhiteTitle "FM"]
[BlackTitle "GM"]
[WhiteElo "2259"]
[BlackElo "2563"]
[WhiteFideId "24185949"]
[BlackFideId "4135539"]
[EventDate "2017.09.30"]

1. Nf3 d5 2. c4 dxc4 3. Na3 c5 4. Nxc4 Nc6 5. g3 f6 6. Bg2 e5 7. O-O Nge7 8. d3
Nf5 9. a3 Be7 10. Rb1 O-O 11. Bd2 Be6 12. b4 cxb4 13. axb4 b5 14. Ne3 Nxe3 15.
fxe3 Qd7 16. Ne1 Rac8 17. Nc2 Rfd8 18. e4 Nd4 19. Ne3 Bf8 20. Rb2 Rc6 21. Nd5
Bg4 22. Be3 Rdc8 23. Bxd4 exd4 24. Qb3 Kh8 25. Nf4 Rc3 26. Qa2 Bd6 27. Qa1 Rc2
28. Ra2 Bxf4 29. gxf4 Bxe2 30. Re1 Bxd3 0-1

[Event "ch-RUS Rapid 2017"]
[Site "Sochi RUS"]
[Date "2017.10.01"]
[Round "8.18"]
[White "Sorokin, Aleksey"]
[Black "Pridorozhni, Aleksei"]
[Result "1/2-1/2"]
[WhiteTitle "FM"]
[BlackTitle "GM"]
[WhiteElo "2486"]
[BlackElo "2565"]
[WhiteFideId "24176460"]
[BlackFideId "4127870"]
[EventDate "2017.09.30"]

1. d4 e6 2. c4 b6 3. Nf3 Bb7 4. a3 f5 5. Nc3 Nf6 6. d5 Bd6 7. g3 O-O 8. Bg2 e5
9. O-O a5 10. Qc2 e4 11. Nd4 g6 12. Ndb5 Bc5 13. Bh6 Re8 14. Bg5 Na6 15. Rad1
Bf8 16. f3 exf3 17. Bxf3 h6 18. Bc1 Nc5 19. g4 a4 20. gxf5 g5 21. e4 Bg7 22.
Rfe1 Nh7 23. Bh5 Re7 24. Nxc7 Be5 25. Nxa8 Qxa8 26. d6 Rg7 27. Nd5 Qf8 28. Nxb6
Nf6 29. Bf3 Bc6 30. Be3 Nb3 31. c5 Kh8 32. Nc4 Bf4 33. Bxf4 gxf4+ 34. Kh1 Qe8
35. Qc3 Nxe4 36. Rxe4 Bxe4 37. f6 Bxf3+ 38. Qxf3 Rg8 39. c6 Nd4 40. cxd7 Qe6 41.
d8=Q Nxf3 42. Qxg8+ Qxg8 43. d7 Qd8 44. Na5 Ne5 45. Nb7 Qxd7 46. Rxd7 Nxd7 47.
Kg2 Kh7 48. Kf3 Kg6 49. Kxf4 Kxf6 50. Nd6 Nb6 51. Ne4+ Ke6 52. Nc3 Kf6 53. h3
Kg6 54. Kg4 Kf6 55. Kh5 Kg7 56. h4 Kh7 57. Kg4 Kg6 58. Kf4 Kh5 59. Kg3 Kg6 60.
Kg4 Kf6 61. Ne4+ Ke5 62. Nc5 Kd5 63. Nd3 Kd4 64. Nc1 Nc4 65. b3 axb3 66. Nxb3+
Kc3 67. Nc1 Nxa3 68. Kh5 Nc4 69. Kxh6 Kd4 70. h5 Ke4 71. Kg5 Ne5 72. Nb3 Nf7+
73. Kg6 Kf4 74. Nd4 Kg4 75. Nf3 Nh8+ 1/2-1/2

[Event "ch-RUS Rapid 2017"]
[Site "Sochi RUS"]
[Date "2017.10.01"]
[Round "8.19"]
[White "Gochelashvili, David"]
[Black "Levin, Evgeny A."]
[Result "0-1"]
[WhiteTitle "IM"]
[BlackTitle "GM"]
[WhiteElo "2432"]
[BlackElo "2532"]
[WhiteFideId "4161203"]
[BlackFideId "4182596"]
[EventDate "2017.09.30"]

1. d4 Nf6 2. Bf4 e6 3. e3 b6 4. Nf3 Bb7 5. h3 g6 6. Be2 Bg7 7. O-O O-O 8. c3 d6
9. Nbd2 Nbd7 10. Bh2 Qe7 11. Qc2 e5 12. dxe5 dxe5 13. Nc4 Ne4 14. Rfd1 Rad8 15.
a4 a5 16. b4 axb4 17. cxb4 Qxb4 18. Rab1 Qe7 19. Na5 Ba8 20. Qxc7 bxa5 21. Bb5
Nef6 22. Nxe5 Rc8 23. Qa7 Qc5 24. Qxc5 Nxc5 25. f3 Nd5 26. Re1 Nc3 27. Ra1 Nxb5
28. axb5 Bxe5 29. Bxe5 Nd3 30. Bd6 Nxe1 31. Bxf8 Nc2 0-1

[Event "ch-RUS Rapid 2017"]
[Site "Sochi RUS"]
[Date "2017.10.01"]
[Round "8.20"]
[White "Sarana, Alexey"]
[Black "Popov, Mikhail"]
[Result "1-0"]
[WhiteTitle "GM"]
[BlackTitle "FM"]
[WhiteElo "2541"]
[BlackElo "2416"]
[WhiteFideId "24133795"]
[BlackFideId "4146182"]
[EventDate "2017.09.30"]

1. d4 g6 2. c4 Bg7 3. e4 d6 4. Nc3 Nf6 5. Nf3 O-O 6. Be2 e5 7. Be3 c6 8. d5 Ng4
9. Bg5 f6 10. Bh4 c5 11. a3 Nh6 12. Qd2 Na6 13. O-O Nc7 14. b4 b6 15. bxc5 bxc5
16. Rab1 Qe8 17. Ne1 g5 18. Bg3 Qg6 19. Nc2 f5 20. exf5 Nxf5 21. Ne3 Nd4 22. Bd3
Qe8 23. Ne4 Qe7 24. Nc2 Nxc2 25. Bxc2 h6 26. Rfd1 Ne8 27. Nxc5 dxc5 28. d6 Nxd6
29. Qxd6 Qxd6 30. Rxd6 Bg4 31. h3 Bh5 32. Rb7 Rf7 33. Rb5 Rc7 34. Be4 Re8 35.
Rd5 Bf7 36. Rdxc5 Rec8 37. Rxc7 Rxc7 38. c5 Be8 39. c6 Bf8 40. Bd5+ Kh7 41. Rb8 1-0

[Event "ch-RUS Rapid 2017"]
[Site "Sochi RUS"]
[Date "2017.10.01"]
[Round "8.21"]
[White "Hasangatin, Ramil"]
[Black "Shubin, Kirill"]
[Result "1-0"]
[WhiteTitle "GM"]
[BlackTitle "FM"]
[WhiteElo "2496"]
[BlackElo "2375"]
[WhiteFideId "4122160"]
[BlackFideId "34119962"]
[EventDate "2017.09.30"]

1. e4 e6 2. d3 d5 3. Qe2 Ne7 4. Nf3 c5 5. g3 Nbc6 6. Bg2 g6 7. O-O Bg7 8. Re1
Qc7 9. Bf4 Qb6 10. c3 Bd7 11. exd5 Nxd5 12. Bc1 O-O 13. Nbd2 Qc7 14. Nc4 f6 15.
a4 b6 16. Qc2 a6 17. Nfd2 Rab8 18. Ne4 Kh8 19. a5 b5 20. Nb6 Ne5 21. f4 f5 22.
Nxd7 Nxd7 23. Ng5 Rbe8 24. Rxe6 N7f6 25. Bd2 h6 26. Rae1 hxg5 27. Rxe8 Nxe8 28.
Bxd5 gxf4 29. Bxf4 Qxa5 30. Qg2 Nf6 31. Qh3+ Nh7 32. Bd6 Rd8 33. Bf7 Bd4+ 34.
Kf1 Rxd6 35. Re8+ Kg7 36. Rg8+ Kf6 37. Qxh7 Qa1+ 38. Kg2 Qg1+ 39. Kh3 Qf1+ 40.
Kh4 g5+ 41. Rxg5 Be3 42. Qg7+ Ke7 43. Bg6+ Kd8 44. Rxf5 1-0

[Event "ch-RUS Rapid 2017"]
[Site "Sochi RUS"]
[Date "2017.10.01"]
[Round "8.22"]
[White "Oganian, Miran"]
[Black "Smagin, Sergey"]
[Result "1-0"]
[WhiteTitle "IM"]
[BlackTitle "GM"]
[WhiteElo "2454"]
[BlackElo "2551"]
[WhiteFideId "4122488"]
[BlackFideId "4100425"]
[EventDate "2017.09.30"]

1. d4 d5 2. c4 e6 3. Nf3 Nd7 4. g3 dxc4 5. Qa4 a6 6. Qxc4 b5 7. Qc6 Ra7 8. Be3
Ne7 9. Qc1 Nd5 10. Nc3 Nxe3 11. Qxe3 c5 12. d5 Nf6 13. Rd1 Qb6 14. Bh3 Be7 15.
dxe6 Bxe6 16. Bxe6 Qxe6 17. Qxe6 fxe6 18. Ng5 e5 19. Nge4 O-O 20. Nxf6+ gxf6 21.
Nd5 Kf7 22. e4 c4 23. Ke2 Bc5 24. b3 Bd4 25. bxc4 bxc4 26. Rb1 Ke6 27. g4 h5 28.
h3 Rh8 29. f4 exf4 30. Nxf4+ Kf7 31. Nxh5 Be5 32. Rhf1 c3 33. Rb6 Rh6 34. Nxf6
Rxf6 35. Rbxf6+ Bxf6 36. e5 Rc7 37. Rxf6+ Ke7 38. Kd1 c2+ 39. Kc1 a5 40. h4 Rc4
41. Rg6 Ra4 42. h5 Rxa2 43. h6 a4 44. h7 Ra1+ 45. Kxc2 Rh1 46. Ra6 Kf7 47. g5
Kg7 48. g6 Rh2+ 49. Kb1 a3 50. Ra8 1-0

[Event "ch-RUS Rapid 2017"]
[Site "Sochi RUS"]
[Date "2017.10.01"]
[Round "8.23"]
[White "Utnasunov, Alexander"]
[Black "Kezin, Roman"]
[Result "1-0"]
[BlackTitle "FM"]
[WhiteElo "2446"]
[BlackElo "2455"]
[WhiteFideId "4134524"]
[BlackFideId "24124621"]
[EventDate "2017.09.30"]

1. d4 d5 2. c4 e6 3. Nc3 c6 4. e4 dxe4 5. Nxe4 Bb4+ 6. Bd2 Qxd4 7. Bxb4 Qxe4+ 8.
Ne2 Na6 9. Ba5 Qh4 10. Qd2 Nh6 11. O-O-O O-O 12. Ng3 e5 13. Re1 Qe7 14. f4 f6
15. fxe5 fxe5 16. Bc3 Nf7 17. Bd3 Nc5 18. Bc2 Bd7 19. h4 Rad8 20. b4 Be6 21. Qe2
Nd7 22. Ne4 Bf5 23. g4 Bxe4 24. Qxe4 Nf6 25. Qe2 Qe6 26. g5 Nd7 27. c5 b6 28. h5
Kh8 29. Reg1 Rfe8 30. g6 Nh6 31. gxh7 Nf8 32. Bb3 Qe7 33. cxb6 axb6 34. Rh3 Nxh7
35. Re3 Nf7 36. h6 Nxh6 37. Rxe5 Qd7 38. Rxg7 Rxe5 39. Rxd7 1-0

[Event "ch-RUS Rapid 2017"]
[Site "Sochi RUS"]
[Date "2017.10.01"]
[Round "8.24"]
[White "Tekeyev, Zaur"]
[Black "Novikov, Maxim"]
[Result "1/2-1/2"]
[WhiteTitle "FM"]
[BlackTitle "GM"]
[WhiteElo "2380"]
[BlackElo "2501"]
[WhiteFideId "4199731"]
[BlackFideId "4161289"]
[EventDate "2017.09.30"]

1. e4 d6 2. d4 Nf6 3. Nc3 e5 4. dxe5 dxe5 5. Qxd8+ Kxd8 6. Nf3 Bd6 7. Be3 Nbd7
8. O-O-O a6 9. a4 Ke8 10. h3 b6 11. Nd2 Bb7 12. Nc4 Bb4 13. f3 Bxc3 14. bxc3 Nh5
15. Rg1 f6 16. h4 Nf4 17. g3 Ne6 18. Bh3 Ke7 19. a5 b5 20. Nd2 Ndc5 21. Nb3 Na4
22. Rd3 Rhd8 23. Rgd1 Rxd3 24. Rxd3 Bc6 25. h5 g6 26. hxg6 hxg6 27. Bxe6 Kxe6
28. g4 Rh8 29. Nc5+ Nxc5 30. Bxc5 f5 31. gxf5+ gxf5 32. exf5+ Kxf5 33. Re3 Rh3
34. Ba7 Kf4 35. Kd2 Bxf3 36. Re1 Rh2+ 37. Kc1 Be4 38. Be3+ Kf5 39. Bd2 Rh7 40.
Kb2 Bd5 41. Rf1+ Ke6 42. Bg5 Bb7 43. Re1 Rh5 44. Be3 Rh4 45. Bd4 Be4 46. Ba7 Kd5
47. Rd1+ Kc6 48. Re1 Rg4 49. Kc1 Kd5 50. Be3 Bf5 51. Bd2 Ra4 52. Kb2 Kd6 53. Bh6
Rxa5 54. Bg7 e4 55. Bf8+ Ke6 56. Bc5 Ra4 57. Rh1 Bg6 58. Rg1 Bf7 59. Rf1 Bg6 60.
Rg1 Bf5 61. Rg7 c6 62. Re7+ Kd5 63. Be3 b4 64. Bf4 Be6 65. c4+ Kxc4 66. Rxe6 Kd5
67. Rd6+ Kc5 68. Rd8 Ra3 69. Bd6+ Kc4 70. Re8 Re3 71. Rb8 a5 72. Ra8 Ra3 73. Bf4
a4 74. Re8 Kd4 75. c3+ Kd3 76. Rd8+ Ke2 77. Rd2+ Kf3 78. Be5 Rb3+ 79. Kc2 e3 80.
Rd3 c5 81. Rd8 e2 82. Rf8+ Ke4 83. Re8 Ra3 84. cxb4 Ra2+ 85. Bb2+ Kf3 86. Rf8+
Kg2 87. Rg8+ Kf3 88. Rf8+ Kg4 89. Rg8+ Kf5 90. Rf8+ Kg6 91. Re8 a3 92. Kb3 Rxb2+
93. Kxa3 Rxb4 94. Rxe2 Kf6 95. Rc2 Rb5 1/2-1/2

[Event "ch-RUS Rapid 2017"]
[Site "Sochi RUS"]
[Date "2017.10.01"]
[Round "8.25"]
[White "Babikov, Ivan"]
[Black "Zvjaginsev, Vadim"]
[Result "1-0"]
[WhiteTitle "FM"]
[BlackTitle "GM"]
[WhiteElo "2276"]
[BlackElo "2643"]
[WhiteFideId "4161106"]
[BlackFideId "4113403"]
[EventDate "2017.09.30"]

1. e4 c5 2. Nf3 g6 3. c3 Bg7 4. d4 cxd4 5. cxd4 d5 6. e5 a6 7. Be2 Nc6 8. Nbd2
Bf5 9. O-O e6 10. Nb3 b6 11. Bg5 Qd7 12. Rc1 h6 13. Bd2 g5 14. a4 a5 15. Rxc6 1-0

[Event "ch-RUS Rapid 2017"]
[Site "Sochi RUS"]
[Date "2017.10.01"]
[Round "8.26"]
[White "Iljiushenok, Ilia"]
[Black "Zhitnikov, Konstantin"]
[Result "1-0"]
[WhiteTitle "IM"]
[BlackTitle "FM"]
[WhiteElo "2519"]
[BlackElo "2268"]
[WhiteFideId "24105074"]
[BlackFideId "34152846"]
[EventDate "2017.09.30"]

1. e4 c6 2. d4 d5 3. e5 Bf5 4. h4 h6 5. g4 Bg6 6. h5 Be4 7. f3 Bh7 8. e6 Qd6 9.
exf7+ Kxf7 10. Bd3 Bxd3 11. Qxd3 Nd7 12. Ne2 e5 13. Nbc3 Re8 14. Be3 Ngf6 15.
Qg6+ Kg8 16. O-O-O exd4 17. Bxd4 Ne5 18. Bxe5 Qxe5 19. Nd4 Qg5+ 20. Kb1 Qxg6 21.
hxg6 h5 22. g5 Nd7 23. f4 Bc5 24. Nf3 Rf8 25. Ne2 Be3 26. Rh4 Bf2 27. Rh3 Be3
28. Nfd4 Bxd4 29. Rxd4 Nc5 30. c4 Ne6 31. Rd2 d4 32. Rh4 c5 33. b4 b6 34. Kc2
Re8 35. bxc5 bxc5 36. Ng3 Rf8 37. Ne2 Re8 38. Ng3 Rf8 39. Ne2 Re8 40. Ng3 Rf8
41. f5 Nxg5 42. Rf2 Re8 43. Nxh5 Ne4 44. Re2 Nd6 45. Reh2 Kf8 46. f6 Rxh5 47.
Rxh5 gxf6 48. Rh7 Re6 49. Rxa7 Kg8 50. g7 Nf7 51. Rg2 Ng5 52. Rh2 Nf7 53. Rh5
Rc6 54. Rd5 Nd6 55. Kd3 f5 56. a4 f4 57. Rh5 Nf7 58. Rf5 1-0

[Event "ch-RUS Rapid 2017"]
[Site "Sochi RUS"]
[Date "2017.10.01"]
[Round "8.27"]
[White "Gogolev, Artem"]
[Black "Moiseenko, Vadim"]
[Result "0-1"]
[BlackTitle "IM"]
[WhiteElo "2408"]
[BlackElo "2558"]
[WhiteFideId "4116615"]
[BlackFideId "4123700"]
[EventDate "2017.09.30"]

1. Nf3 g6 2. g3 Bg7 3. Bg2 b6 4. O-O Bb7 5. d4 Nf6 6. b3 O-O 7. Bb2 a5 8. a4 e6
9. Nc3 d5 10. Ne5 Nbd7 11. Nxd7 Qxd7 12. Re1 Rfd8 13. Qd3 Ba6 14. Qd2 Rac8 15.
Ba3 c5 16. dxc5 bxc5 17. Rab1 c4 18. e3 Ng4 19. Ne2 c3 20. Qd1 e5 21. Nc1 Qf5
22. f3 Nf6 23. Be7 Rd7 24. Bxf6 Bxf6 25. Bf1 Bb7 26. Bb5 Rdd8 27. Rf1 e4 28.
fxe4 Qxe4 29. Qf3 Qxf3 30. Rxf3 Bg5 31. Bd3 d4 32. e4 f5 33. Bc4+ Rxc4 34. bxc4
Bxe4 35. Rd3 Rc8 36. Kf2 Rxc4 37. Ke2 Rxa4 38. Nb3 Bf6 39. Nc5 Ra2 40. Rb8+ Kf7
41. Kd1 Ra1+ 42. Ke2 Rc1 43. Rb7+ Bxb7 44. Nxb7 Rxc2+ 45. Kd1 Rxh2 0-1

[Event "ch-RUS Rapid 2017"]
[Site "Sochi RUS"]
[Date "2017.10.01"]
[Round "8.28"]
[White "Chos, Alexey"]
[Black "Dzhumagaliev, Yan"]
[Result "0-1"]
[WhiteTitle "IM"]
[BlackTitle "FM"]
[WhiteElo "2317"]
[BlackElo "2400"]
[WhiteFideId "14117762"]
[BlackFideId "24100110"]
[EventDate "2017.09.30"]

1. e4 c5 2. Nf3 Nc6 3. d4 cxd4 4. Nxd4 e6 5. c4 Nf6 6. Nc3 Bb4 7. Nxc6 bxc6 8.
Qc2 e5 9. a3 Bc5 10. Be2 a5 11. O-O d6 12. Rb1 Rb8 13. Na4 Bd4 14. b4 axb4 15.
axb4 O-O 16. b5 cxb5 17. cxb5 Bb7 18. Bd3 d5 19. Be3 dxe4 20. Bc4 Rc8 21. Qb3
Nd5 22. Rfd1 Nb6 23. Nxb6 Qxb6 24. Re1 Rcd8 25. Re2 Rd7 26. h3 h6 27. Rbe1 Kh7
28. Bc1 f5 29. Be6 Rc7 30. Ba3 Rf6 31. Bc4 f4 32. Rc2 Rd7 33. Bc1 Rd8 34. Bf7 e3
35. fxe3 fxe3 36. Rce2 Rf2 37. Bc4 Qg6 38. g4 Qg5 39. Bxe3 Bxe3 40. Rxf2 Bxf2+
41. Kxf2 Qd2+ 42. Re2 Rf8+ 43. Kg1 Qc1+ 44. Kh2 Qh1+ 45. Kg3 Rf3+ 0-1

[Event "ch-RUS Rapid 2017"]
[Site "Sochi RUS"]
[Date "2017.10.01"]
[Round "9.2"]
[White "Jakovenko, Dmitry"]
[Black "Inarkiev, Ernesto"]
[Result "1/2-1/2"]
[WhiteTitle "GM"]
[BlackTitle "GM"]
[WhiteElo "2710"]
[BlackElo "2694"]
[WhiteFideId "4122356"]
[BlackFideId "4162722"]
[EventDate "2017.09.30"]

1. e4 c5 2. Nf3 e6 3. d4 cxd4 4. Nxd4 Nc6 5. Nc3 Qc7 6. Be2 Nf6 7. Be3 d6 8. O-O
Be7 9. Kh1 O-O 10. a4 Bd7 11. Ndb5 Qb8 12. f4 a6 13. Nd4 Nxd4 14. Qxd4 Bc6 15.
a5 Nd7 16. Qd2 Bf6 17. Bf3 Rc8 18. Ra3 Bxc3 19. Rxc3 Nf6 20. Qd4 e5 21. fxe5
dxe5 22. Qb4 Rd8 1/2-1/2

[Event "ch-RUS Rapid 2017"]
[Site "Sochi RUS"]
[Date "2017.10.01"]
[Round "9.3"]
[White "Andreikin, Dmitry"]
[Black "Khismatullin, Denis"]
[Result "1-0"]
[WhiteTitle "GM"]
[BlackTitle "GM"]
[WhiteElo "2708"]
[BlackElo "2628"]
[WhiteFideId "4158814"]
[BlackFideId "4142578"]
[EventDate "2017.09.30"]

1. d4 d5 2. c4 dxc4 3. e3 Nf6 4. Bxc4 e6 5. Nf3 c5 6. O-O cxd4 7. exd4 Be7 8.
Nc3 O-O 9. Ne5 Nc6 10. Be3 Nd5 11. Nxd5 exd5 12. Bd3 Bd6 13. f4 g6 14. Qf3 Ne7
15. Rae1 f6 16. Ng4 Bxg4 17. Qxg4 f5 18. Qf3 Bb4 19. Re2 Qd7 20. a3 Ba5 21. Bb1
Rad8 22. Bf2 Nc6 23. Ba2 Qf7 24. g3 Rd7 25. Kg2 Kg7 26. b4 Bb6 27. Rfe1 Rfd8 28.
Re6 Rd6 29. R6e2 R6d7 30. Re6 Rd6 31. R6e2 R6d7 32. Qd3 Ne7 33. Bb3 Ng8 34. a4
a6 35. b5 Ba5 36. Rc1 Rd6 37. Be1 Bxe1 38. Rcxe1 R8d7 39. a5 axb5 40. Qxb5 Nf6
41. Ba4 Ne4 42. Qb4 Rd8 43. Rc2 Re6 44. Rec1 Re7 45. Qxe7 Qxe7 46. Rc7 Qxc7 47.
Rxc7+ Kh6 48. Bb3 Ra8 49. Bxd5 Nf6 50. Rc5 Nxd5 51. Rxd5 Rc8 52. Rc5 Re8 53. Kf2
Re4 54. Rd5 Kh5 55. Kf3 Kh6 56. Rd7 g5 57. fxg5+ Kxg5 58. Rxh7 Rxd4 59. Rxb7
Rd3+ 60. Kg2 Ra3 61. Ra7 Ra2+ 62. Kh3 f4 63. a6 fxg3 64. hxg3 Kh5 65. Ra8 Kg6
66. Kg4 Ra4+ 67. Kf3 Kh7 68. Ke3 Kg7 69. Kd3 Kh7 70. Kc3 Ra3+ 71. Kb4 Rxg3 72.
Rc8 1-0

[Event "ch-RUS Rapid 2017"]
[Site "Sochi RUS"]
[Date "2017.10.01"]
[Round "9.4"]
[White "Sakaev, Konstantin"]
[Black "Fedoseev, Vladimir3"]
[Result "1/2-1/2"]
[WhiteTitle "GM"]
[BlackTitle "GM"]
[WhiteElo "2594"]
[BlackElo "2731"]
[WhiteFideId "4104226"]
[BlackFideId "24130737"]
[EventDate "2017.09.30"]

1. d4 Nf6 2. c4 e6 3. Nc3 Bb4 4. Qc2 d5 5. cxd5 Qxd5 6. Nf3 Qf5 7. Qxf5 exf5 8.
a3 Bd6 9. Nb5 Be6 10. Nxd6+ cxd6 11. Bf4 Ke7 12. e3 Nbd7 13. Bd3 Rac8 14. Ke2
Bc4 15. Rhc1 Bxd3+ 16. Kxd3 Ne4 17. Ke2 Nb6 18. Ne1 g5 19. Bg3 h5 20. f3 Nxg3+
21. hxg3 Kf6 22. Nd3 Rce8 23. Kf2 Re7 24. Rc2 Nd5 25. Re1 Rhe8 26. Rce2 a5 27.
e4 fxe4 28. fxe4 Nb6 29. e5+ dxe5 30. Rxe5 Rxe5 31. Rxe5 Rxe5 32. dxe5+ Kf5 33.
Nc5 a4 34. Nxb7 Kxe5 35. Na5 Nd5 36. b3 axb3 37. Nxb3 Nc3 38. Nd2 f6 39. Ke3 Na4 1/2-1/2

[Event "ch-RUS Rapid 2017"]
[Site "Sochi RUS"]
[Date "2017.10.01"]
[Round "9.5"]
[White "Rakhmanov, Aleksandr"]
[Black "Popov, Ivan RUS"]
[Result "1/2-1/2"]
[WhiteTitle "GM"]
[BlackTitle "GM"]
[WhiteElo "2669"]
[BlackElo "2599"]
[WhiteFideId "4173708"]
[BlackFideId "4170350"]
[EventDate "2017.09.30"]

1. c4 e5 2. Nf3 Nc6 3. d4 exd4 4. Nxd4 Nf6 5. Nxc6 bxc6 6. g3 Bb4+ 7. Bd2 Bxd2+
8. Qxd2 O-O 9. Bg2 Rb8 10. O-O c5 11. Nc3 d6 12. b3 Bb7 13. e4 Re8 14. Rfe1 Nd7
15. f4 Nf8 16. Re3 Ne6 17. Rae1 Nd4 18. Ne2 Nxe2+ 19. R1xe2 f6 20. e5 Bxg2 21.
Kxg2 dxe5 22. fxe5 fxe5 23. Qxd8 Rbxd8 24. Rxe5 Rxe5 25. Rxe5 Rd2+ 26. Kf3 Rxh2
27. Rxc5 Rxa2 28. Rxc7 a5 29. c5 Kf8 30. Ke4 a4 31. b4 a3 32. b5 Ra1 33. Ra7 a2
34. b6 Re1+ 35. Kd5 a1=Q 36. Rxa1 Rxa1 37. b7 Rb1 38. c6 Ke7 39. c7 Rxb7 40.
c8=Q Rb5+ 41. Kc6 Rg5 42. g4 h6 43. Qd7+ Kf6 44. Qd6+ Kf7 45. Kd7 Kg8 46. Ke7
Kh7 47. Kf7 Rxg4 48. Qd3+ g6 49. Qd7 Rf4+ 50. Ke6+ Kg8 51. Qe8+ Kg7 52. Qe7+ Kg8
53. Qd8+ Rf8 54. Qd3 Rf5 55. Qg3 Kg7 56. Qc3+ Kg8 57. Qb4 Kg7 58. Qb7+ Kg8 59.
Qb2 Kh7 60. Ke7 Kg8 61. Qb3+ Kg7 62. Ke8 Re5+ 63. Kd7 Rf5 1/2-1/2

[Event "ch-RUS Rapid 2017"]
[Site "Sochi RUS"]
[Date "2017.10.01"]
[Round "9.6"]
[White "Alekseev, Evgeny"]
[Black "Rozum, Ivan"]
[Result "1-0"]
[WhiteTitle "GM"]
[BlackTitle "GM"]
[WhiteElo "2622"]
[BlackElo "2590"]
[WhiteFideId "4138147"]
[BlackFideId "24104272"]
[EventDate "2017.09.30"]

1. e4 g6 2. d4 Bg7 3. Nf3 d6 4. Bd3 e5 5. dxe5 dxe5 6. O-O Nd7 7. Nbd2 Nh6 8.
Nc4 f6 9. b3 O-O 10. a4 a5 11. Ba3 Re8 12. Qd2 b6 13. Ne3 Nf7 14. Bb5 Bf8 15.
Qd5 c6 16. Qxc6 Ra7 17. Bxf8 Rxf8 18. Rad1 Rc7 19. Qe6 Re8 20. Qg4 Rf8 21. Rd2
Nh6 22. Qe6+ Kg7 23. Rfd1 Rf7 24. Qxb6 Nxb6 25. Rxd8 Bb7 26. Nd2 f5 27. exf5
Nxf5 28. Nxf5+ gxf5 29. Nc4 Nxc4 30. Bxc4 Rfe7 31. Rg8+ 1-0

[Event "ch-RUS Rapid 2017"]
[Site "Sochi RUS"]
[Date "2017.10.01"]
[Round "9.7"]
[White "Motylev, Alexander"]
[Black "Demidov, Mikhail"]
[Result "1-0"]
[WhiteTitle "GM"]
[BlackTitle "IM"]
[WhiteElo "2668"]
[BlackElo "2521"]
[WhiteFideId "4121830"]
[BlackFideId "4197143"]
[EventDate "2017.09.30"]

1. e4 e6 2. d4 d5 3. Nc3 Be7 4. Bd3 c5 5. dxc5 Nf6 6. exd5 exd5 7. Nf3 O-O 8.
O-O Nbd7 9. h3 Nxc5 10. Bf4 Be6 11. Nd4 Qb6 12. Rb1 Rac8 13. Nf5 Bxf5 14. Bxf5
Rcd8 15. Qd4 g6 16. Rfe1 Rfe8 17. Bg5 Nce4 18. Qxb6 axb6 19. Bxe4 Nxe4 20. Bxe7
Rxe7 21. Nb5 Rde8 22. Rbd1 Nf6 23. Rxe7 Rxe7 24. Kf1 Kf8 25. Rd3 Re4 26. b3 Re6
27. Nd4 Re4 28. f3 Re7 29. Rc3 Rd7 30. g4 h5 31. g5 Ne8 32. Ke2 Nd6 33. Ke3 f6
34. Kf4 Kg7 35. Re3 fxg5+ 36. Kxg5 Nf7+ 37. Kf4 Rd6 38. Re7 Kf6 39. Rxb7 g5+ 40.
Ke3 Ne5 41. Rb8 Ng6 42. Ne2 Re6+ 43. Kf2 Ke5 44. Rg8 Rf6 45. Ke3 Rd6 46. c3 Kf6
47. a4 Re6+ 48. Kd2 Rd6 49. Rb8 h4 50. b4 Ne5 51. f4 Nc4+ 52. Kc2 Re6 53. fxg5+
Kxg5 54. Rg8+ Kf6 55. Nf4 Re5 56. Rd8 Rf5 57. Rf8+ Kg5 58. Rxf5+ Kxf5 59. Nxd5
Ke4 60. Ne7 Kf4 61. Nd5+ Kg3 62. Kb3 Nd2+ 63. Kc2 Nc4 64. Nxb6 Nxb6 65. a5 Nd7
66. c4 Ne5 67. Kc3 Kxh3 68. a6 Nc6 69. b5 Kg3 70. bxc6 h3 71. c7 h2 72. c8=Q
h1=Q 73. Qc7+ Kg4 74. Qg7+ Kf5 75. Qf7+ Kg4 76. Qg6+ Kf4 77. Qd6+ Kg4 78. Qd4+
Kg3 79. Kb4 Qc6 80. a7 Qb7+ 81. Kc3 Kh3 82. Qh8+ 1-0

[Event "ch-RUS Rapid 2017"]
[Site "Sochi RUS"]
[Date "2017.10.01"]
[Round "9.8"]
[White "Potkin, Vladimir"]
[Black "Yuffa, Daniil"]
[Result "0-1"]
[WhiteTitle "GM"]
[BlackTitle "GM"]
[WhiteElo "2574"]
[BlackElo "2527"]
[WhiteFideId "4131061"]
[BlackFideId "24131423"]
[EventDate "2017.09.30"]

1. d4 Nf6 2. c4 c5 3. Nf3 g6 4. Nc3 Bg7 5. d5 O-O 6. e4 d6 7. h3 Na6 8. Bd3 e5
9. g4 h5 10. g5 Nh7 11. Be3 Bd7 12. Qd2 Nc7 13. a3 Qc8 14. h4 Bg4 15. Nh2 Bd7
16. b4 b6 17. Rg1 Re8 18. Qb2 Nf8 19. Nf3 Bg4 20. Nd2 Qd8 21. Be2 Bc8 22. Rb1
Nd7 23. Bd1 cxb4 24. axb4 a5 25. bxa5 bxa5 26. Ba4 Na6 27. Qa3 Nb4 28. Ke2 Re7
29. Bc6 Ra6 30. Rxb4 axb4 31. Qxb4 Nc5 32. Bxc5 dxc5 33. Qxc5 Bf8 34. Qb5 Rea7
35. c5 Ra3 36. Qb6 Qe7 37. d6 Qe6 38. Bd5 Qh3 39. Rg3 Qh1 40. Nb5 Rxg3 41. Qxa7
Bg4+ 42. f3 Bxf3+ 0-1